The immortals of Meluha (Record no. 57290)
[ view plain ]
| 000 -LEADER | |
|---|---|
| fixed length control field | 00594nam a2200217Ia 4500 |
| 005 - DATE AND TIME OF LATEST TRANSACTION | |
| control field | 20260629163254.0 |
| 008 - FIXED-LENGTH DATA ELEMENTS--GENERAL INFORMATION | |
| fixed length control field | 260629s9999||||xx |||||||||||||| ||und|| |
| 020 ## - INTERNATIONAL STANDARD BOOK NUMBER | |
| International Standard Book Number | 9789380658742 |
| Qualifying information | pbk |
| 082 ## - DEWEY DECIMAL CLASSIFICATION NUMBER | |
| Classification number | 823.92 |
| Item number | TRI |
| 100 ## - MAIN ENTRY--PERSONAL NAME | |
| Personal name | Tripathi, Amish |
| 245 #4 - TITLE STATEMENT | |
| Title | The immortals of Meluha |
| 260 ## - PUBLICATION, DISTRIBUTION, ETC. | |
| Place of publication, distribution, etc. | Chennai |
| Name of publisher, distributor, etc. | Westland |
| Date of publication, distribution, etc. | 2010 |
| 300 ## - PHYSICAL DESCRIPTION | |
| Extent | xiv, 417p. ; 18 cm. |
| 490 ## - SERIES STATEMENT | |
| Series statement | Shiva trilogy ; Book 1 |
| 653 ## - INDEX TERM--UNCONTROLLED | |
| Uncontrolled term | Epic fiction |
| 653 ## - INDEX TERM--UNCONTROLLED | |
| Uncontrolled term | Historical fiction, Indian (English) |
| 653 ## - INDEX TERM--UNCONTROLLED | |
| Uncontrolled term | Indus civilization |
| 653 ## - INDEX TERM--UNCONTROLLED | |
| Uncontrolled term | Mythology, Indic |
| 653 ## - INDEX TERM--UNCONTROLLED | |
| Uncontrolled term | Siva (Hindu deity) |
| 942 ## - ADDED ENTRY ELEMENTS (KOHA) | |
| Koha item type | Book |
| Withdrawn status | Lost status | Damaged status | Not for loan | Home library | Current library | Shelving location | Date acquired | Source of acquisition | Total Checkouts | Full call number | Barcode | Date last seen | Price effective from | Koha item type |
|---|---|---|---|---|---|---|---|---|---|---|---|---|---|---|
| LRC, IIT Indore | LRC, IIT Indore | 2nd Floor - General Stack | 29/06/2026 | Gratis Book Price: INR 295.00 | 823.92 TRI | G2515 | 29/06/2026 | 29/06/2026 | Book |
